Apuntes sobre mi patria : volumen del Departamento de Puno /

Bibliographic Details
Main Author: Guevara Velasco, Agustin
Format: Book
Language:Spanish
Published: [Cuzco] : Editorial H. G. Rozas, [1954-1955]
Series:Biblioteca de la "Revista de filosofia y derecho"
Subjects:

MARC

Tag First Indicator Second Indicator Subfields
LEADER 00000cam a2200000 4500
001 in00000060348
005 20151007082539.0
008 750923m19541955pe a 00000 spas
010 |a  56030604  
035 |a (OCoLC)01650891 
035 |9 AAF8045AM 
040 |a DLC  |c HDC  |d TXA  |d UtOrBLW 
049 |a TXAM  |v 1 [275683]  |v 2 [275684]  |v 3 [275685] 
050 0 0 |a F3451.P9  |b G8 
092 |a 318.5  |b G939a 
100 1 |a Guevara Velasco, Agustin. 
245 1 0 |a Apuntes sobre mi patria :  |b volumen del Departamento de Puno /  |c Pref. de Victor J. Guevara. Colofon de Alejandro Quesada. 
264 1 |a [Cuzco] :  |b Editorial H. G. Rozas,  |c [1954-1955] 
300 |a 3 volumes (1462 pages) :  |b illustrations ;  |c 22 cm. 
336 |a text  |b txt  |2 rdacontent 
337 |a unmediated  |b n  |2 rdamedia 
338 |a volume  |b nc  |2 rdacarrier 
490 0 |a Biblioteca de la "Revista de filosofia y derecho" 
504 |a Bibliography: volume 3, pages [1449]-1457. 
651 0 |a Puno (Peru : Department) 
651 0 |a Peru  |x Statistics. 
999 |a MARS 
999 f f |s aadf0f00-b73d-3df8-86c3-f318b6eee04b  |i faecc39d-17f5-3f84-9842-b84736c90dc9  |t 0 
952 f f |p ric  |a Texas A&M University  |b Rellis Campus  |c Joint Library Facility  |d Remote Storage  |t 0  |e F3451.P9 G8  |h Library of Congress classification  |i unmediated -- volume  |k v.3  |m A14800656002 
952 f f |p ric  |a Texas A&M University  |b Rellis Campus  |c Joint Library Facility  |d Remote Storage  |t 0  |e F3451.P9 G8  |h Library of Congress classification  |i unmediated -- volume  |k v.1  |m A14800655983 
952 f f |p ric  |a Texas A&M University  |b Rellis Campus  |c Joint Library Facility  |d Remote Storage  |t 0  |e F3451.P9 G8  |h Library of Congress classification  |i unmediated -- volume  |k v.2  |m A14800655991 
998 f f |a F3451.P9 G8  |s v.1-v.3  |t 0  |l Remote Storage